000
00476nam a2200169Ia 4500
008
090711s9999 xx 000 0 und d
082
_b
978
100
_a
झणकर अजेय
245
_a
सरकारनामा
260
_b
ग्रंथाली
_c
1994
300
_a
172
600
_a
झणकर अजेय
630
_a
सरकारनामा
700
_a
झणकर अजेय
730
_a
सरकारनामा
942
_c
BOOK
999
_c
324467
_d
324467